| 000 | 01023nam a22000977a 4500 | ||
|---|---|---|---|
| 008 | 160213b xxu||||| |||| 00| 0 eng d | ||
| 100 |
_aBillig, Fritz _cBillings Stamp Company |
||
| 245 | _aBillig's 1942 specialized postage stamp catalogue of Austria, Lombardy Venetia, occupation stamps, and Austrian offices abroad (including cancellations) with illustrations | ||
| 260 |
_aJamaica, N.Y. _bBillings Stamp Company |
||
| 650 | _aAustria | Offices Abroad | Offices in Lombardy-Venetia | Lombardy-Venetia | Postal Markings | Used Abroad | Postal History | Occupation Issues | Newspaper and Periodical Issues | Austro-Hungarian Empire | Austro-Hungarian Military Post | Military and War Issues | World War I, 1914-1918 | Overprints and Surcharges | Locals and Private Posts | Post World War I | Germany -- Occupation of Austria | Carinthia (1920-) | Plebiscite Issues | Provisionals and Forerunners | Semi-postal Issues | Italy -- Occupation of Austria (1918-1919) | Errors and Varieties | Catalogs and Price Lists | Dealer Publications | ||
| 999 |
_c1766 _d1766 |
||